000 00559nam a2200205Ia 4500
005 20240429141108.0
008 131103s9999 xx 000 0 und d
020 _cRs.160.00
040 _aLoreto College
041 _aEnglish
082 _a371.33
_bSIN
100 _aSingh, Kamal Deep
245 _aUsing Computers in Education
_cKamal Deep Singh and Daljeet Kaur
260 _aNew Delhi
_bDhanpat Rai Publishing Comapany
_c2008
300 _a396p.
650 _aEducational technology
700 _aKaur, Daljeet
850 _aLCBED
942 _cBK
999 _c38008
_d88487